Die Grabkapelle der Schaffgotsch in Reußendorf

Titel: Die Grabkapelle der Schaffgotsch in Reußendorf / Hella Tegeler
Verfasser:
In: Auf historischer Spurensuche im Bobertal... ; Bd. 3. Seminarband ... der 3. Bobertaltagung 2016, (2018), Seite 1007-1015
alle Artikel anzeigen
Veröffentlicht: 2018
Format: Aufsatz
Sprache: Deutsch
Schlagworte:
Kein Bild verfügbar
X
alg: 48497993
001A    $03025:31-08-21 
001B    $01999:31-08-21 $t22:32:10.000 
001D    $03025:31-08-21 
001U    $0utf8 
001X    $00 
002@    $0Aou 
002C    $aText $btxt $2rdacontent 
002D    $aohne Hilfsmittel zu benutzen $bn $2rdamedia 
002E    $aBand $bnc $2rdacarrier 
003@    $0484979930 
007A    $0484979930 $aHEB 
010@    $ager 
010E    $erda 
011@    $a2018 
021A    $aDie @Grabkapelle der Schaffgotsch in Reußendorf $hHella Tegeler 
028A    $BVerfasser $4aut $8Tegeler, Hella [Tp3] $9484979981 
031A    $h1007-1015 $j2018 
039B    $aEnthalten in $8--Afx--. Auf historischer Spurensuche im Bobertal... ; Bd. 3. Seminarband ... der 3. Bobertaltagung 2016. - Würzburg : Stiftung Kulturwerk Schlesien, 2018. - 811 - 1187 Seiten, [32] ungezählte Seiten. - Illustrationen. - ISBN 978-3-929817-09-6 $x201800000000000993 $9438600185 
044K    $#Schaffgotschowie  $7123404215 $8$PSchaffgotsch$lFamilie$Zab 13. Jh. [Tp1] $9101853491 
044K    $8Raszów$gKamienna Góra [Tg3] $9484980297 
044K    $RKapelle $RGrabmal $#Sepulchral chapels $#Chapelles funéraires $74157978-1 $8Grabkapelle [Ts1] $9085681008 
045F    $a709.4385 $eDDC23BSB 
045F/01 $a709 
045F/03 $g4385 

lok: 48497993 78

exp: 48497993 78 1 #EPN
201B/01 $031-08-21 $t12:33:55.000 
201C/01 $031-08-21 
201U/01 $0utf8 
203@/01 $01167228529 
208@/01 $a31-08-21 $be 
209A/01 $a/ $f000 $x00 
209A/01 $ab*p $x01 
220C/01 $apgar 
244Z/01 $#Schlesien $#Schlesien $#Herzogtum Schlesien $#Herzogtum Schlesien Schlesien $#Provinz Schlesien $#Śla̜sk $#Slezsko $#Silesia $74052678-1 $8--Tg1--Schlesien $x01 $9085146781 
247C/01 $82080>Marburg/Lahn, Herder-Institut, Forschungsbibliothek, Bibliographieportal $9336309341
LEADER 00000caa a2200000 c 4500
001 484979930
003 DE-603
005 20210831223210.0
007 tu
008 210831s2018 xx |||| | u00||u|ger c
035 |a (DE-599)HEB484979930 
040 |a DE-603  |b ger  |c DE-603  |d DE-603  |e rda 
041 |a ger 
082 0 4 |8 1\u  |a 709.4385  |q DE-101  |2 23/BSB 
085 |8 1\u  |b 709 
085 |8 1\u  |z 2  |s 4385 
100 1 |a Tegeler, Hella  |e Verfasser  |4 aut  |0 (DE-603)484979981  |0 (DE-588)1240268939  |2 gnd 
245 0 0 |a ˜Dieœ Grabkapelle der Schaffgotsch in Reußendorf  |c Hella Tegeler 
264 0 |c 2018 
336 |a Text  |b txt  |2 rdacontent 
337 |a ohne Hilfsmittel zu benutzen  |b n  |2 rdamedia 
338 |a Band  |b nc  |2 rdacarrier 
600 3 7 |a Schaffgotsch  |c Familie  |d ab 13. Jh.  |0 (DE-588)123404215  |0 (DE-603)101853491  |2 gnd 
650 7 |a Grabkapelle  |0 (DE-588)4157978-1  |0 (DE-603)085681008  |2 gnd 
651 7 |a Raszów  |g Kamienna Góra  |0 (DE-588)1240269129  |0 (DE-603)484980297  |2 gnd 
773 0 8 |i Enthalten in  |t Auf historischer Spurensuche im Bobertal... ; Bd. 3. Seminarband ... der 3. Bobertaltagung 2016  |d Würzburg : Stiftung Kulturwerk Schlesien, 2018  |h 811 - 1187 Seiten, [32] ungezählte Seiten, Illustrationen  |z 9783929817096  |g (2018), Seite 1007-1015  |w (DE-603)438600185 
924 0 |9 2080  |a (DE-603)1167228529  |b DE-2080  |c HES  |d d  |g /